Clubs des joueurs de la coupe du monde de rugby 2023 - Statistiques

Statistiques générales
  • Ce quiz a été pris 754 fois
  • Le résultat moyen est 7 sur 8
Statistiques - réponses
Nombre de joueurs Club % Correct
10 Toulouse
99%
3 Toulon
95%
6 Bordeaux
94%
7 La Rochelle
94%
2 Racing 92
91%
1 Stade Français
88%
2 Lyon
83%
2 Montpellier
75%
Aucun quiz correspondant
Distribution des résultats
% des personnes avec chaque résultat
Percentile par nombre de réponses
Votre historique - résultats
Vous n’avez pas pris ce quiz